| 000 | 00625cam a2200241ua 4500 | ||
|---|---|---|---|
| 020 |
_a0 85226 434 8 _c55.00 |
||
| 041 |
_aeng _h |
||
| 082 |
_a511 _bJAI/NU |
||
| 100 | _aJain, M K . | ||
| 245 |
_aNumerical methods for scientific and engineering computation / _cM K Jain. _hTextual Documents |
||
| 250 |
_a2 / _b. |
||
| 260 |
_aNew Delhi : _bWiley Eastern Ltd , _c1989. |
||
| 300 | _a470 ; . | ||
| 365 | _a55.00 | ||
| 504 | _a | ||
| 700 | 1 | _aIyyenkar, S R K . | |
| 700 | 1 | _aJain, R K . | |
| 942 | _cBK | ||
| 999 |
_c9612 _d9612 |
||